Statystyki dla Wszystkie pytania na prawo jazdy kategorii B (bez mediów)

Kliknij tutaj aby rozwiązać quiz!

Ogólne statystyki

  • Ten quiz został rozwiązany 133 razy
  • Średni wynik to 13 z 20

Statystyki odpowiedzi

ZagadnienieOdpowiedź% Poprawnych
Jaki odstęp należy zachować podczas wyprzedzania kolumny pieszych?Bezpieczny, ale nie mniejszy niż 1 metr.
100%
Jaki dokument jesteś zobowiązany mieć przy sobie i okazywać na żądanie uprawnionego organu?Dokument stwierdzający uprawnienie do kierowania pojazdem inny niż wydane w kraju prawo jazdy.
100%
Do czego może doprowadzić zbyt mocne hamowanie samochodu osobowego niewyposażonego w system ABS?Do utraty sterowności.
100%
Jakie musisz spełnić wymagania, żeby odzyskać uprawnienie do kierowania pojazdem, które zostało cofnięte za przekroczenie prędkości o więcej niż 50 km/h w obszarze zabudowanym?Jesteś zobowiązany spełnić wszystkie wymagania stawiane osobie, która pierwszy raz ubiega się o uprawnienie do kierowania pojazdami.
100%
Co powinieneś widzieć w dobrze ustawionych lusterkach zewnętrznych, gdy kierujesz samochodem osobowym?Obszar za pojazdem i boki pojazdu.
100%
Jakie warunki powinien spełniać samochód osobowy, którym chcesz przewieźć dziecko, które ma mniej niż trzy lata?Powinien być wyposażony w pasy i fotelik bezpieczeństwa.
100%
Jak powinieneś zabezpieczyć urządzenie, którym zamocowałeś ładunek w przyczepie ciągniętej przez samochód osobowy?Tak, żeby mocowanie nie rozluźniło się.
100%
Jak należy postąpić, podczas jazdy samochodem osobowym po drodze pokrytej śniegiem?Unikać gwałtownych ruchów kierownicą.
100%
Jadąc zimą spotykasz na poboczu sinego, półprzytomnego, wyziębionego człowieka. Jak należy mu pomóc?Wezwać zespół ratownictwa medycznego, zabrać go do samochodu, okryć i powoli ogrzewać.
100%
Za które naruszenie przepisów ruchu drogowego policjant zatrzyma prawo jazdy?Za kierowanie pojazdem z prędkością przekraczającą dopuszczalną o więcej niż 50 km/h na obszarze zabudowanym.
100%
Jesteś świadkiem potrącenia pieszego. Jak powinieneś się zachować?Zatrzymać się, wezwać pomoć medyczną i udzielić pierwszej pomocy poszkodowanemu.
100%
Czego nie masz prawa robić, gdy kierujesz samochodem osobowym?Korzystać z telefonu wymagającego trzymania mikrofonu w ręku.
94%
Czy spożyty alkohol wpływa na zmianę pola widzenia kierującego pojazdem?Tak
94%
Który z wymienionych czynników może powodować ograniczenie pola widzenia kierującego samochodem osobowym?Zbyt nisko lub zbyt wysoko ustawiony fotel kierującego.
94%
Której z tych czynności nie masz prawa wykonywać samochodem osobowym?Ciągnąć dzieci na sankach.
92%
Kiedy masz obowiązek przełączyć światła drogowe na światła mijania?Gdy z przeciwka nadjeżdża inny pojazd.
92%
O czym ostrzega świecąca się na czerwono w czasie jazdy samochodem osobowym lampka kontrolna układu chłodzenia?O zbyt wysokiej temperaturze płynu chłodniczego.
92%
Która z wymienionych czynności jest zabroniona podczas kierowania pojazdem?Rozmawianie przez telefon, który wymaga trzymania słuchawki lub mikrofonu w ręku.
92%
Która z wymienionych czynności może zwiększyć bezpieczeństwo podczas jazdy po zaśnieżonej drodze?Stosowanie opon zimowych.
92%
Jaką funkcję spełniają poduszki powietrzne?Zmniejszają obrażenia ciała, jakim może ulec kierujący i pasażerowie w wyniku zderzenia.
92%
Ile czasu jest ważne pokwitowanie zatrzymania przez policjanta prawa jazdy za przewożenie osób w liczbie przekraczającej o dwa liczbę miejsc określoną w dowodzie rejestracyjnym samochodu osobowego?24 godziny.
91%
Jaki odstęp należy zachować podczas omijania samochodem osobowym przeszkody na drodze?Bezpieczny, uzależniony od szerokości jezdni i warunków ruchu.
90%
W jakich warunkach drogowych dozwolone jest używanie łańcuchów przeciwślizgowych?Gdy droga jest pokryta śniegiem.
90%
Który z wymienionych czynników ma wpływ na ograniczenie pola widzenia kierującego samochodem osobowym?Kierowanie pojazdem w stanie nietrzeźwości.
90%
Która z wymienionych awarii, uniemożliwia używanie samochodu osobowego w ruchu drogowym?Niedziałające światła hamowania "stop".
90%
W której z wymienionych niebezpiecznych sytuacji na drodze najlepiej sprawdzi się pojazd wyposażony w tzw. ASR, czyli układ zapobiegający poślizgowi kół napędzanych podczas ruszania?W sytuacji gwałtownego ruszania na śliskiej nawierzchni.
90%
Który z wymienionych czynników może ograniczyć pole widzenia kierującego samochodem osobowym?Oślepiające światła innych pojazdów jadących z przeciwka.
89%
Czy kierujący pojazdem po spożyciu alkoholu, może mieć trudności w jednoczesnym wykonywaniu dwóch i więcej czynności?Tak
89%
Który bieg jest właściwy do rozpoczęcia jazdy samochodem osobowym na suchej nawierzchni?Pierwszy.
88%
Który z obowiązków dotyczy właściciela samochodu osobowego?Poddawanie pojazdu okresowym badaniom technicznym.
88%
Jakie musisz spełnić warunki, gdy chcesz przewieźć dziecko na tylnym siedzeniu samochodu osobowego?Przewożone dziecko ma co najmniej 135 cm wzrostu, jest przypięte tylko pasami bezpieczeństwa, gdyż masa i wzrost uniemożliwia przewóz w urządzeniu przytrzymującym.
88%
Jaki może być skutek zbyt słabego nacisku na pedał hamulca w samochodzie osobowym?Wydłużenie drogi hamowania.
88%
W jaki sposób zainstalujesz w pojeździe fotelik bezpieczeństwa służący do przewozu dziecka?Zgodnie z zaleceniami producenta urządzenia.
88%
Czy będąc uczestnikiem wypadku drogowego, masz obowiązek udzielenia pomocy rannym nawet, jeśli nie masz kwalifikacji medycznych?Tak
87%
Kiedy należy założyć opatrunek uciskowy?W przypadku krwotoku.
87%
Które z wymienionych działań należy podjąć, gdy w czasie jazdy zaświeci się na czerwono lampka kontrolna układu hamulcowego?Zatrzymać pojazd i sprawdzić poziom płynu hamulcowego.
87%
Kierujesz pojazdem w czasie deszczu. Którą z wymienionych czynności powinieneś przede wszystkim wykonać, by jechać bezpieczniej?Zmniejszyć prędkość.
87%
Czy wolno Ci kierować pojazdem, którego tablica rejestracyjna jest niewidoczna?Nie, jest to zabronione.
86%
Jakie dokumenty masz obowiązek mieć przy sobie i okazywać na żądanie uprawnionego organu podczas kontroli drogowej?Pokwitowanie zatrzymania prawa jazdy w okresie, w którym upoważnia ono do kierowania.
86%
Jaką funkcję w pojeździe spełnia system przeciwblokujący ABS?Umożliwia zachowanie kontroli nad pojazdem podczas gwałtownego hamowania.
86%
Jakie dokumenty masz obowiązek mieć przy sobie i okazywać na żądanie uprawnionego organu, gdy na terytorium Rzeczypospolitej kierujesz pojazdem, który jest zarejestrowany za granicą?Dokument dopuszczający pojazd do ruchu.
85%
W jakim przypadku nie zostanie zatrzymane prawo jazdy za przekroczenie dozwolonej prędkości o więcej niż 50 km/h na obszarze zabudowanym?Jeżeli kierujący pojazdem dopuścił się naruszenia działając w celu uchylenia bezpośredniego niebezpieczeństwa grożącego dobru chronionemu prawem.
85%
Kto podlega odpowiedzialności karnej w przypadku nieudzielenia pomocy poszkodowanemu w wypadku drogowym z bezpośrednim zagrożeniu utraty zdrowia i życia?Każda osoba, która mogła udzielić pomocy bez narażenia siebie lub innej osoby na niebezpieczeństwo utraty życia lub ciężkiego uszczerbku zdrowia.
85%
Na której z tych dróg nie masz prawa holować samochodem osobowym innego pojazdu?Na autostradzie.
85%
Do czego służą światła pozycyjne pojazdu?Do określania pozycji pojazdu.
83%
Jak przewieziesz ładunek sypki w przyczepie ciągniętej przez samochód osobowy?Zasłonięty w szczelnej skrzyni ładunkowej.
83%
W jaki sposób przewozisz dziecko o wzroście mniejszym niż 150 cm samochodem osobowym, w którym jest pięć miejsc siedzących?Na przednim siedzeniu w innym niż fotelik urządzeniu przytrzymującym dziecko.
82%
Jak duży odstęp od poprzedzającego pojazdu należy utrzymywać, kierując samochodem osobowym poza obszarem zabudowanym w tunelu o długości 600 metrów?Nie mniejszy niż 50 metrów.
82%
Który z wymienionych czynników może ograniczyć pole widzenia kierującego samochodem osobowym podczas jazdy nocą?Niewłaściwie ustawione światła.
82%
Kierujesz samochodem osobowym. Jak powinieneś postąpić w czasie przejazdu przez rozległą kałużę?Płynnie zmniejszyć prędkość jazdy.
82%
Czy numer telefonu 112 jest ogólnopolskim numerem alarmowym dla wszystkich służb ratowniczych?Tak
82%
Który z wymienionych sposobów przewożenia gaśnicy w samochodzie osobowym jest właściwy?Gaśnica zamocowana pod fotelem pasażera.
81%
Kiedy powinieneś sprawdzać ciśnienie w ogumieniu samochodu osobowego?Bezpośrednio przed rozpoczęciem podróży.
80%
Jesteś uczestnikiem lub świadkiem wypadku drogowego. Które z wymienionych informacji należy podać dzwoniąc pod numer alarmowy?Miejsce zdarzenia oraz liczbę i stan ofiar wypadku.
80%
Co musisz zrobić, żeby przewieźć trzyletnie dziecko na tylnym siedzeniu samochodu osobowego, na którym w fotelikach już siedzi dwoje dzieci i nie ma możliwości zainstalowania trzeciego fotelika?Musisz zabezpieczyć dziecko pasami bezpieczeństwa.
80%
Jaki odstęp od poprzedzającego pojazdu masz obowiązek zachować podczas zatrzymania w zatorze drogowym w tunelu?Nie mniejszy niż 5 metrów.
80%
O ile czasu starosta wydłuży okres zatrzymania prawa jazdy, jeśli zostałeś zatrzymany do kontroli, gdy prowadziłeś pojazd, pomimo że wcześniej zatrzymano Ci prawo jazdy na trzy miesiące za przewożenie osób w liczbie przekraczającej o dwie liczbę miejsc określoną w dowodzie rejestracyjnym samochodu osobowego?O kolejne trzy miesiące.
80%
Kiedy należy sprawdzać poziom oleju w silniku?Przed uruchomieniem zimnego silnika albo co najmniej po kilku minutach po jego wyłączeniu.
80%
Którego z wymienionych świateł wolno Ci używać, gdy kierujesz samochodem osobowym podczas mgły?Świateł przeciwmgłowych przednich.
80%
Czy masz obowiązek zabezpieczyć przed stoczeniem się pojazd zaparkowany na wzniesieniu?Tak
80%
W jakich przypadkach organ upoważniony do kontroli drogowej może zatrzymać kierującemu pojazdem prawo jazdy?W przypadku ujawnienia czynu polegającego na przekroczeniu dozwolonej prędkości na obszarze zabudowanym o więcej niż 50 km/h od dozwolonej.
80%
Jaki wpływ ma prędkość jazdy na kąt widzenia kierującego samochodem osobowym?Wraz ze wzrostem prędkości kąt widzenia jest mniejszy.
80%
Jaki wpływ na pole widzenia kierującego pojazdem ma prędkość jazdy?Wraz ze wzrostem prędkości zawęża się pole widzenia.
80%
W przypadku gdy kierujący przekroczył dopuszczalną prędkość o więcej niż 50 km/h na obszarze zabudowanym, starosta wydaje decyzję administracyjną o zatrzymaniu prawa jazdy na okres:3 miesięcy.
78%
Czy wolno samochodem ciężarowym wyposażonym w pasy bezpieczeństwa przewozić dziecko do lat trzech niezabezpieczone pasami bezpieczeństwa i fotelikiem bezpieczeństwa?Nie - dzieci do lat trzech wolno przewozić niezapięte w pasy bezpieczeństwa tylko autobusami.
78%
Jaki jest cel stosowania układu ASR w samochodzie osobowym?Przeciwdziałanie poślizgowi kół podczas ruszania.
78%
Na jak długo pokwitowanie zatrzymania prawa jazdy za przekroczenie dozwolonej prędkości na obszarze zabudowanym o więcej niż 50 km/h uprawnia do kierowania pojazdem?Przez okres 24 godzin od chwili zatrzymania prawa jazdy.
78%
Czy masz obowiązek stosować się do poleceń lub sygnałów dawanych przez pilota pojazdu nienormatywnego?Tak
78%
Czego nie możesz robić kierując samochodem osobowym?Ciągnąć za pojazdem osoby na sankach.
77%
Który z czynników ma bezpośredni wpływ na długość drogi zatrzymania samochodu osobowego?Czas reakcji kierującego pojazdem.
77%
W jaki sposób wolno Ci przewozić ładunek w przyczepie ciągniętej przez samochód osobowy?Ładunek nie może naruszać stateczności pojazdu.
77%
Czym powinieneś się kierować wybierając fotelik lub urządzenie przytrzymujące służące do przewozu dziecka?Właściwymi warunkami technicznymi dotyczącymi tych urządzeń.
77%
W której z wymienionych niebezpiecznych sytuacji na drodze najlepiej sprawdzi się pojazd wyposażony w tzw. ESP, czyli układ stabilizacji toru jazdy?W sytuacji pokonywania ostrego zakrętu i trudności z utrzymaniem oczekiwanego toru jazdy.
77%
Które wymienione czynniki zależne od kierującego pojazdem mają istotny wpływ na jego ostrość widzenia?Koncentracja uwagi, aktualne samopoczucie i stan zdrowia.
75%
W jakich warunkach droga hamowania jest najdłuższa?Na drodze oblodzonej.
75%
Czy dopuszczalne jest holowanie za pomocą połączenia sztywnego pojazdu o niesprawnym układzie kierowniczym?Nie.
75%
Jak postąpi policjant, jeżeli podczas kontroli drogowej ujawni, że przekroczyłeś prędkość o więcej niż 50 km/h w obszarze zabudowanym, ale było to związane z ratowaniem ludzkiego życia?Nie zatrzyma prawa jazdy.
75%
Która z wymienionych okoliczności może świadczyć o złym stanie technicznym samochodu osobowego?Pozostawione na miejscu parkowania ślady wycieków płynów eksploatacyjnych.
75%
Jaki efekt może wystąpić, gdy podczas ruszania na wzniesieniu zbyt wcześnie zwolnisz dźwignię hamulca awaryjnego, w porównaniu ze zwolnieniem pedału sprzęgła?Stoczenie się pojazdu.
75%
W którym z wymienionych przypadków regularne wykonywanie badania technicznego pojazdu ma wpływ na jego bezpieczne używanie w ruchu drogowym?W całym okresie używania pojazdu.
75%
W której z wymienionych niebezpiecznych sytuacji na drodze najlepiej sprawdzi się pojazd wyposażony w tzw. ASR, czyli układ zapobiegający poślizgowi kół napędzanych podczas ruszania?W sytuacji nagłego przyspieszenia na mokrej nawierzchni.
75%
Po spełnieniu, którego z wymienionych warunków można przewozić samochodem osobowym, poza fotelikiem bezpieczeństwa lub innym urządzeniem przytrzymującym, dziecko mające mniej niż 150 cm wzrostu?Dziecko posiada zaświadczenie lekarskie o przeciwwskazaniu do przewożenia w foteliku lub innym urządzeniu.
73%
W jakim przypadku możesz przewozić dziecko na tylnym siedzeniu samochodem osobowym lub ciężarowym o dopuszczalnej masie całkowitej do 3,5 t, przytrzymywane jedynie pasami bezpieczeństwa?Jeżeli dziecko ma co najmniej 135 cm wzrostu i ze względu na masę nie jest możliwe zapewnienie fotelika bezpieczeństwa lub innego urządzenia podtrzymującego dziecko.
73%
W którym z wymienionych przypadków, używanie samochodu osobowego nie zagraża bezpieczeństwu ruchu drogowego?Krótkotrwałe użycie koła dojazdowego, gdy jedna z opon uległa uszkodzeniu.
73%
Kierujesz samochodem osobowym podczas ulewnego deszczu. Którą z wymienionych czynności należy wykonać po wjechaniu w koleinę wypełnioną wodą?Płynnie zmniejszyć prędkość.
73%
Jakie muszą być spełnione warunki podczas przewożenia dziecka na tylnym siedzeniu samochodu osobowego?Przewożone dziecko ma co najmniej 135 cm wzrostu, jest przypięte tylko pasami bezpieczeństwa, gdyż masa i wzrost uniemożliwia przewóz w foteliku lub innym urządzeniu przytrzymującym dziecko.
73%
Chcesz przewieźć dziecko na przednim siedzeniu pojazdu samochodowego wyposażonego w przednią poduszkę dla pasażera, która jest aktywna. W jaki sposób możesz to zrobić?W foteliku bezpieczeństwa przodem do kierunku jazdy.
73%
Z jaką prędkością wolno poruszać się po autostradzie kierując samochodem osobowym?Zapewniającą panowanie nad pojazdem z uwzględnieniem warunków, w jakich ruch się odbywa, nie wyższą niż 140 km/h.
73%
Którą z wymienionych czynności należy wykonać, kierując samochodem osobowym w nocy podczas mgły?Zmniejszyć prędkość.
73%
Jaką decyzję podejmie starosta, jeśli zostałeś zatrzymany do kontroli kierując pojazdem pomimo przedłużeniu okresu zatrzymania prawa jazdy do sześciu miesięcy za przekroczenie prędkości o więcej niż 50 km/h w obszarze zabudowanym?Cofnie uprawnienie do kierowania pojazdem.
71%
W jakim przypadku przewożenie dziecka samochodem ciężarowym o dopuszczalnej masie całkowitej powyżej 3,5 t na tylnym siedzeniu, przytrzymywanego jedynie pasami bezpieczeństwa, jest dozwolone?Jeżeli dziecko osiągnęło wzrost co najmniej 135 cm i nie jest możliwe ze względu na masę i wzrost zapewnienie fotelika bezpieczeństwa.
71%
Która z wymienionych czynności jest dozwolona podczas kierowania samochodem osobowym?Korzystanie z nawigacji.
71%
Jak umieścisz bagaż w samochodzie osobowym?Najcięższe bagaże włożę najgłębiej i najniżej, w centralnej części bagażnika.
71%
W którym przypadku nie ma obowiązku przewożenia dziecka w foteliku bezpieczeństwa lub innym urządzeniu podtrzymującym, zapewniającym jego bezpieczeństwo?Po osiągnięciu wzrostu co najmniej 150 cm.
71%
Co należy sprawdzić, gdy lampka kontrolna kierunkowskazów zaczęła migać dużo szybciej?Sprawność żarówek kierunkowskazów.
71%
Którą z wymienionych czynności powinieneś wykonać, aby płynnie ruszyć z miejsca?Stopniowo zwalniać pedał sprzęgła.
71%
Podczas wykonywania którego z wymienionych manewrów masz obowiązek zachować odstęp nie mniejszy niż 1 metr od pojazdu?Wyprzedzania roweru.
71%
Foteliki bezpieczeństwa dla dzieci oraz inne urządzenia przytrzymujące dla dzieci należy instalować w pojeździe:zgodnie z zaleceniami producenta urządzenia.
71%
Jak dwukrotne zwiększenie prędkości samochodu osobowego wpływa na długość jego drogi hamowania?Zwiększa czterokrotnie długość drogi hamowania.
71%
Jakiej kategorii prawo jazdy jest wymagane, gdy chcesz kierować czterokołowcem innym niż lekki?B1.
70%
W jaki sposób powinien być umieszczony ładunek na samochodzie osobowym?Nie może ograniczać widoczności drogi.
70%
Jaki może być skutek nieprawidłowo ustawionych reflektorów świateł mijania?Pogorszenie widoczności drogi w nocy.
70%
W jaki sposób przewieziesz ładunek w przyczepie ciągniętej przez samochód osobowy?Zabezpieczę go przed przemieszczaniem.
70%
W jaki sposób w pojeździe zainstalujesz podtrzymujące dziecko urządzenie, które służy do jego przewozu?Zalecany przez producenta urządzenia.
70%
Jaki odstęp należy zachować podczas wyprzedzania samochodu osobowego?Bezpieczny, uzależniony od szerokości jezdni i warunków ruchu.
69%
Jesteś uczestnikiem lub świadkiem wypadku drogowego. Jak należy postąpić, gdy na poszkodowanym pali się ubranie?Przewrócić osobę na ziemię i ugasić ogień poprzez przykrycie np. kurtką, kocem, płaszczem.
69%
Jaki odstęp należy zachować podczas wyprzedzania motocykla?Bezpieczny, ale nie mniejszy niż 1 metr.
67%
Jaki odstęp należy zachować podczas wymijania samochodem osobowym innego pojazdu?Bezpieczny, uzależniony od szerokości jezdni i warunków ruchu.
67%
Kto może zwrócić dowód rejestracyjny, w przypadku jego zatrzymania podczas kontroli ruchu drogowego, w związku ze stwierdzeniem, że pojazd zagraża porządkowi ruchu?Jednostka upoważniona do przeprowadzania badań technicznych po przeprowadzeniu badania technicznego odpowiadającego przyczynie zatrzymania dowodu rejestracyjnego.
67%
Jakie dokumenty masz obowiązek mieć przy sobie i okazywać na żądanie uprawnionego organu podczas kontroli drogowej?Pokwitowanie zatrzymania dowodu rejestracyjnego w okresie, w którym uprawnia ono do używania pojazdu.
67%
Jakie dokumenty masz obowiązek mieć przy sobie i okazywać na żądanie uprawnionego organu podczas kontroli drogowej?Pokwitowanie zatrzymania pozwolenia czasowego w okresie, w którym uprawnia ono do używania pojazdu.
67%
Jak powinieneś postąpić, aby rozpędzić samochód osobowy na płaskim odcinku drogi?Przyspieszyć do takiej prędkości na niższym biegu, by po włączeniu następnego biegu pojazd nie szarpał i nie dusił się.
67%
Który z wymienionych elementów stanowi obowiązkowe wyposażenie każdego samochodu osobowego?Trójkąt ostrzegawczy.
67%
W jaki sposób wolno Ci przewozić rowery samochodem osobowym?Umieszczone w uchwytach zamontowanych na bagażniku dachowym.
67%
W której z wymienionych niebezpiecznych sytuacji na drodze najlepiej sprawdzi się pojazd wyposażony w tzw. ESP, czyli układ stabilizacji toru jazdy?W sytuacji konieczności ostrego hamowania podczas zmiany pasa ruchu.
67%
W jakim przypadku możesz przewozić trzecie dziecko, o wzroście poniżej 135 cm, na tylnym siedzeniu samochodu osobowego lub ciężarowego, przytrzymywane jedynie pasami bezpieczeństwa?Jeżeli dwoje dzieci przewożonych jest w fotelikach bezpieczeństwa i nie ma możliwości zainstalowania trzeciego fotelika, a trzecie dziecko ma ukończone 3 lata.
64%
O ile czasu starosta wydłuży okres zatrzymania prawa jazdy, jeśli zostałeś zatrzymany do kontroli, gdy prowadziłeś pojazd pomimo że wcześniej zatrzymano Ci prawo jazdy na trzy miesiące za przekroczenie prędkości o więcej niż 50 km/h w obszarze zabudowanym?O kolejne trzy miesiące.
64%
Jaki może być skutek nieprawidłowo ustawionych reflektorów świateł mijania?Oślepianie kierujących nadjeżdżających z przeciwka.
64%
Starosta wydaje decyzję administracyjną o zatrzymaniu prawa jazdy, gdy kierujący pojazdem przekroczył dopuszczalną prędkość o:więcej niż 50 km/h na obszarze zabudowanym.
64%
Która z tych czynności zwiększy bezpieczeństwo jazdy, gdy kierujesz samochodem osobowym podczas mgły ograniczającej widoczność do 40 metrów?Włączenie świateł przeciwmgłowych tylnych.
64%
Przewożenie dziecka w foteliku bezpieczeństwa zamontowanym tyłem do kierunku jazdy na przednim siedzeniu pojazdu samochodowego, wyposażonego w poduszkę powietrzną dla pasażera jest:dozwolone, jeżeli poduszka powietrzna nie jest aktywna podczas przewożenia.
63%
W jaki sposób umieścisz ładunek na przyczepie samochodu osobowego?Tak, aby nie zasłaniał świateł przyczepy.
63%
Jaki wpływ ma prędkość jazdy na kąt widzenia kierującego samochodem osobowym?Wraz ze wzrostem prędkości kąt widzenia zawęża się.
63%
Jak długo pokwitowanie zatrzymania prawa jazdy za przekroczenie dozwolonej prędkości na obszarze zabudowanym o więcej niż 50 km/h, uprawnia do kierowania pojazdem?Przez okres 24 godzin od chwili zatrzymania.
62%
Jak zabezpieczysz krwawienie z rany przy braku jałowego opatrunku?Użyję do opatrunku odzieży poszkodowanego.
60%
Czy w każdym reflektorze samochodu osobowego wolno Ci zamiast żarówki halogenowej wykorzystywać lampę ksenonową?Nie, ponieważ może to doprowadzić do oślepienia innych kierujących.
58%
Czy jako właściciel pojazdu masz obowiązek wskazać na żądanie uprawnionego organu, komu powierzyłeś pojazd do kierowania lub używania w określonym czasie?Tak, chyba że pojazd został użyty wbrew Twojej woli i wiedzy przez nieznaną osobę, czemu nie mogłeś zapobiec.
58%
Za które naruszenie przepisów ruchu drogowego policjant zatrzyma prawo jazdy?Za przewożenie osób w liczbie przekraczającej o dwa liczbę miejsc określoną w pozwoleniu czasowym samochodu osobowego.
58%
Który z wymienionych przypadków może świadczyć o złym stanie technicznym samochodu osobowego?Emisja czarnych lub niebieskich gęstych spalin.
57%
Jakie dokumenty masz obowiązek mieć przy sobie i okazywać na żądanie uprawnionego organu podczas kontroli drogowej?Pokwitowanie zatrzymania prawa jazdy w okresie, w którym upoważnia ono do kierowania.
57%
Jak może zareagować kontrolujący, jeżeli nie będziesz miał przy sobie prawa jazdy?Sprawdzi Twoje dane zgromadzone w Centralnej Ewidencji Kierowców.
57%
Jak masz obowiązek oznakować holowany samochód osobowy?Umieścić z tyłu po lewej stronie ostrzegawczy trójkąt odblaskowy.
57%
W której z wymienionych niebezpiecznych sytuacji na drodze najlepiej sprawdzi się pojazd wyposażony w tzw. ESP, czyli układ stabilizacji toru jazdy?W sytuacji konieczności pokonywania kilku następujących po sobie zakrętów.
57%
Jakiej barwy chorągiewką wolno Ci oznaczyć ładunek wystający z tyłu samochodu osobowego?Czerwoną.
56%
Policjant zatrzyma prawo jazdy za pokwitowaniem w przypadku ujawnienia czynu polegającego na:kierowaniu pojazdem z prędkością przekraczającą dopuszczalną o więcej niż 50 km/h na obszarze zabudowanym.
56%
Jaki jest cel stosowania systemu ABS w samochodzie osobowym?Zapobieganie utracie stabilności i zapewnienie kierowalności pojazdu podczas jego hamowania.
56%
Za które naruszenie przepisów ruchu drogowego policjant zatrzyma prawo jazdy?Za przewożenie osób w liczbie przekraczającej o dwa liczbę miejsc określoną w dowodzie rejestracyjnym samochodu osobowego.
56%
Ile czasu jest ważne pokwitowanie zatrzymania polskiego prawa jazdy za przekroczenie prędkości o ponad 50 km/h w obszarze zabudowanym, które wydał Ci policjant?24 godziny.
55%
W którym z przypadków system ABS może pomóc kierującemu pojazdem w utrzymaniu sterowności?Przy hamowaniu, gdy pojazd wpadł w boczny poślizg.
54%
W jaki sposób przewozisz dziecko o wzroście mniejszym niż 150 cm na przednim siedzeniu samochodu osobowego, który ma pięć miejsc siedzących?W foteliku bezpieczeństwa lub innym urządzeniu przytrzymującym dziecko.
54%
Dokumentem stwierdzającym dopuszczenie pojazdu samochodowego do ruchu jest:dowód rejestracyjny.
50%
Który z wymienionych elementów stanowi obowiązkowe wyposażenie każdego samochodu osobowego?Gaśnica.
50%
Czy zażycie przez prowadzącego pojazd niewielkiej ilości narkotyku wpływa na poprawę zdolności do prawidłowej oceny ryzyka na drodze?Nie
50%
Jak postąpi policjant, jeżeli podczas kontroli drogowej ujawni, że przekroczyłeś prędkość o więcej niż 50 km/h w obszarze zabudowanym, ale było to związane z ratowaniem ludzkiego życia?Odstąpi od zatrzymania prawa jazdy.
50%
Jakie obowiązki ciążą na osobie, która ma wydane w Polsce prawo jazdy?Podczas kontroli nie musi go okazywać policjantowi.
50%
Który z czynników ma bezpośredni wpływ na długość drogi zatrzymania samochodu osobowego?Prędkość i stan nawierzchni.
50%
Czy podczas holowania motocykla powinny być sprawne w nim dwa układy hamulcowe?Tak.
50%
Które z wymienionych działań należy podjąć w pierwszej kolejności, gdy w czasie jazdy zaświeci się na czerwono lampka kontrolna ciśnienia oleju silnikowego?Zatrzymać pojazd i wyłączyć silnik.
50%
Który ze sposobów hamowania samochodu osobowego wyposażonego w system ABS jest najbardziej efektywny?Szybkie i mocne wciśnięcie pedału hamulca.
47%
Na jak długo zostanie zatrzymane prawo jazdy kierowcy, który przekroczył prędkość o więcej niż 50 km/h na obszarze zabudowanym?Na 3 miesięce.
46%
Jak postąpi policjant, jeżeli podczas kontroli drogowej ujawni, że przewoziłeś o dwie osoby więcej niż liczba miejsc w dowodzie rejestracyjnym samochodu osobowego, ale było to związane z ratowaniem ludzkiego życia?Odstąpi od zatrzymania prawa jazdy.
46%
Kierujesz samochodem. Jak powinieneś się zachować w czasie wymijania pojazdu nocą?Patrzeć w prawo od źródła światła pojazdu nadjeżdżającego z przeciwka i wypatrywać tam ewentualnej przeszkody.
46%
W którym przypadku nie ma obowiązku przewożenia dziecka o wzroście poniżej 150 cm w foteliku bezpieczeństwa lub innym urządzeniu podtrzymującym, zapewniającym bezpieczeństwo dziecka?Podczas przewożenia dziecka taksówką.
45%
Którą z czynności należy wykonać, gdy działający system ABS wypycha w czasie hamowania pedał hamulca?Utrzymać siłę nacisku na pedał hamulca.
45%
Co grozi kierowcy, który samochodem ciężarowym przewozi o trzy osoby więcej od liczby miejsc wpisanej w dowodzie rejestracyjnym pojazdu?Zatrzymanie prawa jazdy na okres 3 miesięcy.
45%
Jakie dokumenty masz obowiązek mieć przy sobie i okazywać na żądanie uprawnionego organu, gdy na terytorium Rzeczypospolitej kierujesz pojazdem, który jest zarejestrowany za granicą?Dokument potwierdzający zawarcie umowy obowiązkowego ubezpieczenia odpowiedzialności cywilnej posiadacza pojazdu.
44%
Jaki jest cel stosowania układu ESP w samochodzie osobowym?Stabilizowanie ruchu pojazdu podczas jazdy po łuku drogi.
44%
Jaka jest dopuszczalna prędkość czterokołowca na obszarze zabudowanym?50 km/h bez względu na jego dopuszczalną masę całkowitą.
43%
W której z wymienionych sytuacji potwierdzenie zatrzymania prawa jazdy uprawnia do kierowania pojazdem w ciągu 7 dni?Gdy upłynął termin ważności prawa jazdy.
43%
W jaki sposób, podczas kontroli drogowej przez upoważniony organ, następuje zatrzymanie prawa jazdy wydanego w kraju?Przez wprowadzenie do Centralnej Ewidencji Kierowców informacji o zatrzymaniu prawa jazdy i wydaniu kierującemu pokwitowania zatrzymania.
43%
Czy na jezdni jednokierunkowej dopuszcza się wyprzedzanie pojazdu szynowego z jego lewej strony?Tak
43%
Kiedy wolno przewozić samochodem ciężarowym, na przednim siedzeniu, dziecko mające poniżej 150 cm wzrostu, przytrzymywane jedynie za pomocą pasów bezpieczeństwa?Jeżeli dziecko ma zaświadczenie lekarskie o przeciwwskazaniu do przewożenia w foteliku bezpieczeństwa.
42%
Z jaką maksymalną dopuszczalną prędkością możesz holować inny pojazd?60 km/h poza obszarem zabudowanym.
40%
Co musisz zrobić gdy chcesz przewieźć trzyletnie dziecko na tylnym siedzeniu samochodu osobowego, na którym w urządzeniach przytrzymujących już siedzi dwoje dzieci i nie ma możliwości zainstalowania trzeciego urządzenia?Musisz zabezpieczyć dziecko pasami bezpieczeństwa.
40%
Na jakiej drodze obowiązuje kierującego zachowanie ściśle określonego minimalnego odstępu od pojazdu poprzedzającego?Na drodze ekspresowej.
40%
Jaka jest dopuszczalna minimalna głębokość bieżnika w oponie niewyposażonej we wskaźnik granicznego jej zużycia?1,6 milimetra.
38%
W jakim przypadku należy uzyskać pozytywny wynik z kontrolnego sprawdzenia kwalifikacji, aby otrzymać zwrot zatrzymanego prawa jazdy?Jeżeli od dnia zatrzymania prawa jazdy upłynął okres przekraczający 1 rok.
38%
Która z wymienionych usterek, uniemożliwia bezpieczne używanie samochodu w ruchu drogowym?Przepalona żarówka tylnego lewego kierunkowskazu.
38%
Jak należy zachować się podczas wymijania samochodem osobowym w nocy innego pojazdu?Patrzeć w prawo od źródła światła pojazdu nadjeżdżającego z przeciwka i wypatrywać tam ewentualnej przeszkody.
36%
Jakie konsekwencje grożą kierującemu za przekroczenie dozwolonej prędkości o więcej niż 50 km/h na obszarze zabudowanym, który będzie kierował pojazdem silnikowym mimo decyzji o zatrzymaniu prawa jazdy?Starosta wyda decyzję administracyjną o przedłużeniu okresu, na który zatrzymano prawo jazdy do 6 miesięcy,
36%
Jakie warunki musisz spełnić, żeby po skończonym okresie zatrzymania nieprzekraczającym roku odzyskać prawo jazdy?Uiścić opłatę ewidencyjną i przedstawić pokwitowanie zatrzymania prawa jazdy.
36%
Jakie jest ryzyko poślizgu pojazdu podczas jazdy w czasie deszczu?Największe w początkowej fazie deszczu.
33%
Jak należy postąpić z poszkodowanym w wypadku drogowym, znajdującym się w pojeździe?Należy go ewakuować z pojazdu - w przypadku stwierdzenia u niego zatrzymania akcji serca.
33%
Jakie dokumenty masz obowiązek mieć przy sobie i okazywać na żądanie uprawnionego organu podczas kontroli drogowej?Pokwitowanie zatrzymania dowodu rejestracyjnego w okresie, w którym uprawnia ono do używania pojazdu.
33%
Jakie dokumenty masz obowiązek mieć przy sobie i okazywać na żądanie uprawnionego organu podczas kontroli drogowej?Pokwitowanie zatrzymania pozwolenia czasowego w okresie, w którym uprawnia ono do używania pojazdu.
33%
Jakiej wielkości nie ma prawa przekroczyć rzeczywista masa całkowita przyczepy ciągniętej przez samochód osobowy?Rzeczywistej masy całkowitej samochodu.
33%
Używanie pojazdu w sposób powodujący uciążliwości związane z nadmierną emisją spalin do środowiska lub nadmiernym hałasem jest:zabronione.
33%
Jakie dokumenty masz obowiązek mieć przy sobie i okazywać na żądanie uprawnionego organu, gdy na terytorium Rzeczypospolitej kierujesz pojazdem, który jest zarejestrowany za granicą?Dowód opłacenia składki za obowiązkowe ubezpieczenie odpowiedzialności cywilnej.
31%
Czy można samochodem ciężarowym przewieźć dziecko o wzroście poniżej 150 cm zabezpieczone tylko pasami bezpieczeństwa?Nie wolno.
30%
Który z wymienionych dokumentów kierujący pojazdem zarejestrowanym na terytorium RP jest zobowiązany przy sobie mieć i okazywać na żądanie uprawnionego organu?Dokument inny niż wydane w kraju prawo jazdy, który stwierdza uprawnienia do kierowania pojazdem.
29%
Czy inspektor transportu drogowego podczas kontrolowania pojazdu, który wykonuje transport drogowy, ma prawo weryfikować dane o pojeździe w Centralnej Ewidencji Pojazdów?Tak, w tym zakresie przysługują takie same prawa jak policji.
25%
Jaka jest dopuszczalna prędkość pojazdu z urządzeniem wystającym do przodu więcej niż 1,5 m od siedzenia dla kierującego?60 km/h poza obszarem zabudowanym.
22%
Kiedy masz obowiązek przełączyć światła drogowe na światła mijania?Zawsze, gdy istnieje możliwość oślepienia kierującego pojazdem poprzedzającym.
22%
Czy wolno Ci nakleić na pojeździe znak określający inne państwo niż to, w którym pojazd został zarejestrowany?Nie, jest to zabronione.
21%
Który z wymienionych dokumentów kierujący pojazdem zarejestrowanym na terytorium RP musi mieć przy sobie i okazywać na żądanie uprawnionego organu?Jeśli kierujący ma uprawnienia do kierowania ograniczone do pojazdu wyposażonego w blokadę alkoholową - zaświadczenie o pozytywnym wyniku badania technicznego w tym zakresie.
20%
Którą z tych czynności masz obowiązek wykonać podczas wyprzedzania samochodem osobowym we mgle poza obszarem zabudowanym?Dawać krótkotrwałe sygnały dźwiękowe.
18%
Jakie dokumenty masz obowiązek mieć przy sobie i okazywać na żądanie uprawnionego organu podczas kontroli drogowej?Inny dokument stwierdzający uprawnienie do kierowania pojazdem niż wydane w kraju prawo jazdy.
13%
W jakim przypadku starosta wydaje decyzję administracyjną o zatrzymaniu prawa jazdy?W przypadku przekroczenia punktów karnych w liczbie 24 i nie przedstawienia zaświadczenia w wymaganym terminie o ukończeniu kursu reedukacyjnego.
9%
Jaką decyzję podejmie starosta, jeśli zostałeś zatrzymany do kontroli kierując pojazdem pomimo przedłużenia okresu zatrzymania prawa jazdy do sześciu miesięcy za przewożenie osób w liczbie przekraczającej o dwa liczbę miejsc określoną w dowodzie rejestracyjnym samochodu osobowego?Cofnie uprawnienie do kierowania pojazdem.
0%

Rozkład punktacji

Percentyl według liczby udzielonych odpowiedzi

Procent ludzi z każdym wynikiem

Twoja historia wyników

Nie rozwiązałeś tego quizu